Napoleon Bonaparte: True Or False? - Statistics

General Stats
  • This quiz has been taken 1,584 times
  • The average score is 9 of 10
Answer Stats
Question Answer % Correct
He invaded the United States. False
98%
He was exiled twice. True
96%
He was only 23 Years old when he died. False
95%
He was exiled to St. Helena. True
94%
He Died of a wound. False
93%
He was 6 Feet Tall. False
91%
He was a Spanish Dictator. False
88%
He was a young officer during the Reign of Terror True
87%
He created the Napoleonic Code. True
87%
He sold the Louisiana Purchase to the United States. True
80%
No matching quizzes found
Score Distribution
Percent of People with Each Score
Percentile by Number Answered
Your Score History
You have not taken this quiz